=LDR 00000nam 2200000 4500 =001 INLIS000000000032594 =005 20130612134608 =008 ***********************************ind** =035 ##$$0010-061300000032594 =041 ##$$a ind =082 ##$$a 028.55 =090 ##$$a 028.55, Las,a =100 ##$$a Lestari,Ratna Puji =245 ##$$a Aku Tidak Sombong, I m Not Arrgant, Ratna Puji Lestari =260 ##$$a 2010 $b Jakarta =300 ##$$a 24 hlm., Illus, 24cm =850 ##$$aaBacaan Anak-Anak =990 ##$$a 11041104 =990 ##$$a 21002991